| 000 | 00801nam a2200253 i 4500 | ||
|---|---|---|---|
| 001 | bg | ||
| 100 | 1 | _aMaterniak, Jan. | |
| 245 | 1 | 0 |
_aObróbka plastyczna : _bmateriały pomocnicze. _nCz. 2. _pWyciąganie wytłoczek / _cJan Materniak, Alina Starczewska. |
| 260 |
_aPoznań : _bWydawnictwo Politechniki Poznańskiej, _c1999. |
||
| 300 |
_a125 s. : _brys., wykr. ; _c24 cm. |
||
| 504 | _aBibliogr. s. 124-125. | ||
| 650 | 9 |
_aBlacha _xtechnologia |
|
| 650 | 9 | _aCiągnienie metali | |
| 650 | 9 | _aNaprężenia i odkształcenia | |
| 655 | _aPodręczniki akademickie | ||
| 700 | 1 | _aStarczewska, Alina. | |
| 020 | _a8371431430 | ||
| 040 | _cBPK | ||
| 041 | 0 | _apl | |
| 080 | _a621.98:621.77:539.4/.5](075.8) | ||
| 920 | _a83-7143-143-0 | ||
| 942 | _cKS | ||
| 008 | s pl f |000 0 pol | ||
| 999 |
_c36502 _d36502 |
||
| 856 |
_uhttp://koha.tu.koszalin.pl/cgi-bin/koha/opac-detail.pl?biblionumber=36502 _yKatalog online BPK |
||